Ecological And Taxonomical Studies OfFishes Of Family Soleidae From Egyptian Waters / (رقم التسجيلة. 179202)

تفاصيل مارك
000 -LEADER
fixed length control field 01196namaa22003011i 4500
005 - أخر تعامل مع التسجيلة
control field 20260405131218.0
008 - FIXED-LENGTH DATA ELEMENTS--GENERAL INFORMATION
fixed length control field 260405b ua a|||frm||| 000 0 eng d
040 ## - CATALOGING SOURCE
Original cataloguing agency EG-GICUC
Language of cataloging eng
Transcribing agency EG-GICUC
Modifying agency EG-GICUC
Description conventions rda
041 0# - LANGUAGE CODE
Language code of text/sound track or separate title eng
Language code of summary or abstract eng
-- ara
049 ## - Acquisition Source
Acquisition Source Deposit
097 ## - Degree
Degree Ph.D
099 ## - LOCAL FREE-TEXT CALL NUMBER (OCLC)
Local Call Number Cai01.12.21.Ph.D.1995.Su.E.
100 0# - MAIN ENTRY--PERSONAL NAME
Authority record control number or standard number Suzan Botros Abdel-Missih,
Preparation preparation.
245 10 - TITLE STATEMENT
Title Ecological And Taxonomical Studies OfFishes Of Family Soleidae From Egyptian Waters /
Statement of responsibility, etc. By Suzan Botros Abdel-Missih; Supervised By Prof. Dr. Helmy M. Bishai.
246 15 - VARYING FORM OF TITLE
Title proper/short title دراسات بيئية وتصنيفية على أسماك عائلة موسى بالمياه المصرية /
264 #0 - PRODUCTION, PUBLICATION, DISTRIBUTION, MANUFACTURE, AND COPYRIGHT NOTICE
Date of production, publication, distribution, manufacture, or copyright notice 1995.
300 ## - PHYSICAL DESCRIPTION
Extent 395 pages :
Other physical details illustrations ;
Dimensions 30 cm. +
336 ## - CONTENT TYPE
Source rda content
Content type term text
337 ## - MEDIA TYPE
Source rdamedia
Media type term Unmediated
338 ## - CARRIER TYPE
Source rdacarrier
Carrier type term volume
502 ## - DISSERTATION NOTE
Dissertation note Thesis (Ph.D)-Cairo University,1995.
504 ## - BIBLIOGRAPHY, ETC. NOTE
Bibliography, etc. note Bibliography: pages 377-395.
653 #0 - INDEX TERM--UNCONTROLLED
Uncontrolled term Zoology
700 0# - ADDED ENTRY--PERSONAL NAME
Personal name Helmy M. Bishai
Relator term thesis advisor.
900 ## - Thesis Information
Department Department of Zoology
Faculties Faculty of Science
Universities Cairo University
Grant date 1995
Supervisory body Helmy M. Bishai
905 ## - Cataloger and Reviser Names
Cataloger Name Eman El gebaly
942 ## - ADDED ENTRY ELEMENTS (KOHA)
Source of classification or shelving scheme Dewey Decimal Classification
Koha item type Thesis
Edition 21
Suppress in OPAC No
المقتنيات
Source of classification or shelving scheme Home library Current library Date acquired Inventory number Full call number Barcode Date last seen Effective from Koha item type
Dewey Decimal Classification المكتبة المركزبة الجديدة - جامعة القاهرة مكتبة المئوية 05.04.2026 26676 Cai01.12.21.Ph.D.1995.Su.E. 01010110026676000 05.04.2026 05.04.2026 Thesis
Cairo University Libraries Portal Implemented & Customized by: Eng. M. Mohamady Contacts: new-lib@cl.cu.edu.eg | cnul@cl.cu.edu.eg
CUCL logo CNUL logo
© All rights reserved — Cairo University Libraries
CUCL logo
Implemented & Customized by: Eng. M. Mohamady Contact: new-lib@cl.cu.edu.eg © All rights reserved — New Central Library
CNUL logo
Implemented & Customized by: Eng. M. Mohamady Contact: cnul@cl.cu.edu.eg © All rights reserved — Cairo National University Library